000 00362nam a2200133Ia 4500
008 231129s9999||||xx |||||||||||||| ||spa||
020 _a84-7530-976-3
040 _bspa
082 _a946.042 L864h
100 _aLopez de Gomara Francisco
245 0 _aHistoria general de las Indias
264 _aOrbis
942 _2ddc
_cBKS
999 _c15301
_d15301